Campo de flores (Registo nº 1537)

Detalhes MARC
000 -Etiqueta do registo
Cabeçalho 00772nem0a2200241 4500
005 - Identificador da versão
Campo de controlo 20240813121839.0
010 ## - Número internacional normalizado dos livros (ISBN)
Número (ISBN) 9728470827
021 ## - Número do Depósito Legal
Código do país PT
Número 181933/02
100 ## - Dados gerais de processamento
Dados gerais de processamento 20150813d2002 m y0pory5003 ba
102 ## - Pais de publicação ou produção
País de publicação Portugal
101 0# - Língua de publicação
Língua do texto, banda sonora, etc. Português
215 ## - Descrição física 
Indicação específica da natureza do documento e extensão da espécie 302 p.
Outras indicações físicas il. color
200 1# - Titulo e menção de responsabilidade
Título próprio Campo de flores
Informação de outro título poesias líricas completas
Primeira menção de responsabilidade João de Deus
Outras menções de responsabilidade coordenadas sob as vistas do autor por Teófilo Braga
210 ## - Publicação, Distribuição, etc. 
Lugar da edição, distribuição, etc. [S. l.]
Nome do editor, distribuidor, etc. Moderna Editorial Lavores
Data da publicação, distribuição, etc. 2002
606 ## - Nome comum usado como assunto
Número de registo de entrada de autoridade 0002007
Palavra de ordem Literatura portuguesa
Subdivisão de assunto Poesia
Código do sistema CA
675 ## - Classificação Decimal Universal (CDU)
Notação 821.134.3-1
Edição 3ª ed.
Língua da edição por
702 #1 - Nome de autor-pessoa física (responsabilidade secundária)
Número de registo de entrada de autoridade 0002307
Palavra de ordem Braga
Outra parte do nome não tomada para palavra de ordem Teófilo
Datas 1843-1924
Código de função Compilador
700 #1 - Nome de autor-pessoa física (responsabilidade principal)
Número de registo de entrada de autoridade 0002437
Palavra de ordem Deus
Outra parte do nome não tomada para palavra de ordem João de
Datas 1830-1896
966 ## - Identificação da Biblioteca
Sigla EB2,3ENM
942 ## - Elementos de entrada adicionados (Koha)
Tipo de item no Koha Livro
Exemplares
Situação do levantamento Origin of item (home branch) (coded) Biblioteca de empréstimo Código de barras Cota Circulation type (not for loan) Tipo de documento Nota do exemplar Damaged status
  Biblioteca Escolar Eng. Nuno Mergulhão Biblioteca Escolar Eng. Nuno Mergulhão BENM3496 82LP-1 DEU   Livro Sem mensagem